| 000 | 00441nam a2200169Ia 4500 | ||
|---|---|---|---|
| 003 | GCL | ||
| 008 | 140319s9999 xx 000 0 eng d | ||
| 040 |
_aGCL / _cGCL |
||
| 082 | 0 | 4 |
_a338.52 _bP P |
| 100 | 1 | _aPASHIGIAN, B.P. | |
| 245 | 1 | 0 |
_aPRICE THEORY AND APPLICATIONS / _cPASHIGIAN, B.P. |
| 260 |
_a[S.N] : _bMC GRAW - HILL ، _c1995 |
||
| 300 | _a760 P | ||
| 650 | 0 | 4 | _aMICRO ECONOMICS |
| 650 | 0 | 4 | _aSUPPLY AND DEMAND |
| 942 |
_2ddc _cBK |
||
| 999 |
_c23857 _d23857 |
||